[Event "Buenos Aires Clarin op"]
[Site "Buenos Aires"]
[Date "1995.??.??"]
[Round "6"]
[White "Llanos, Guillermo"]
[Black "Sorin, Ariel"]
[Result "1-0"]
[WhiteElo "2360"]
[BlackElo "2505"]

1.Nf3 Nf6 2.c4 g6 3.Nc3 Bg7 4.e4 d6 5.d4 O-O 6.Be2 Nbd7 7.O-O e5 8.Be3 c6
9.d5 c5 10.Ne1 Ne8 11.g4 Bf6 12.Qd2 Ng7 13.Kh1 Be7 14.Rg1 Kh8 15.Nd3 Nf6
16.f4 exf4 17.Bxf4 Nd7 18.Rg3 f6 19.Bh6 Ne5 20.Nxe5 fxe5 21.Be3 g5 22.Rgg1 Bd7
23.Raf1 Rxf1 24.Rxf1 Kg8 25.a3 b6 26.Rg1 Ne8 27.Bf3 h6 28.h3 Nf6 29.Ne2 Qf8
30.Kg2 a6 31.Ng3 b5 32.Be2 Qe8 33.Qc2 Qg6 34.Rf1 Rb8 35.b3 Bf8 36.Bd2 Rb7
37.Ra1 Qe8 38.Rf1 Qg6 39.Ra1 Qe8 40.Rf1  1-0

[Event "Buenos Aires op"]
[Site "Buenos Aires"]
[Date "1995.??.??"]
[Round "7"]
[White "Slipak, Sergio"]
[Black "Rodriguez, Jorge Luis"]
[Result "1/2-1/2"]
[WhiteElo "2450"]
[BlackElo "2395"]

1.d4 Nf6 2.c4 g6 3.Nc3 Bg7 4.e4 d6 5.Nf3 O-O 6.Be2 e5 7.d5 Na6 8.Nd2 Ne8
9.h4 f5 10.h5 Nf6 11.hxg6 hxg6 12.exf5 gxf5 13.Nb3 Qe8 14.Bh6 Qg6 15.Qd2 f4
16.Bxg7 Kxg7 17.O-O-O Bg4 18.g3 f3 19.Bd3 Bf5 20.Bxf5 Qxf5 21.g4 Nxg4 22.Rde1 Rh8
23.Rhg1 Kf7 24.Ne4 Rag8 25.Rg3 Ke7 26.c5 Nf6 27.Nd4 Qh5 28.Nxf6 Kxf6 29.Rxf3+ Ke7
30.Rf5 Qg4 31.c6 Kd8 32.Ne6+ Ke7 33.Nd4 Kd8 34.Ne6+  1/2-1/2

[Event "Buenos Aires VII Najdorf op"]
[Site "Buenos Aires"]
[Date "1995.??.??"]
[Round "7"]
[White "Tempone, Marcelo"]
[Black "Pereyra Arcija, Diego"]
[Result "0-1"]
[WhiteElo "2435"]
[BlackElo "2290"]

1.Nf3 Nf6 2.c4 g6 3.Nc3 Bg7 4.e4 d6 5.d4 O-O 6.Be2 e5 7.d5 a5 8.Bg5 h6 9.Bh4 g5
10.Bg3 Nh5 11.h4 Nxg3 12.fxg3 g4 13.Nh2 h5 14.Bd3 f5 15.exf5 e4 16.Nxe4 Bxb2
17.Rb1 Bd4 18.Bc2 c5 19.Nxg4 Qe8 20.Nh6+ Kh7 21.Qd2 Rf6 22.Kd1 Rxh6 23.f6 Bg4+
24.Kc1 Qf8 25.Rxb7+ Kh8 26.Nxd6 Nd7 27.Nf7+ Qxf7 28.Qxh6+ Kg8 29.Rf1 Re8
30.Bh7+ Qxh7 31.f7+ Qxf7 32.Rxf7 Kxf7 33.Qh7+ Kf6 34.Qh6+ Kf7 35.Kd2 Re2+
36.Kd3 Rf2 37.Rxd7+ Bxd7 38.Qxh5+ Ke7 39.Ke4 Ba4 40.Qg5+  0-1

[Event "Buenos Aires IVESS op"]
[Site "Buenos Aires"]
[Date "1995.??.??"]
[Round "8"]
[White "Fiorito, Fabian"]
[Black "Madina, Martin"]
[Result "1-0"]
[WhiteElo "2450"]
[BlackElo "2290"]

1.d4 Nf6 2.c4 g6 3.Nc3 Bg7 4.e4 d6 5.Nf3 O-O 6.Be2 Nbd7 7.O-O e5 8.Qc2 c6
9.Rd1 Qc7 10.h3 Ne8 11.dxe5 dxe5 12.b4 Nef6 13.a3 Nh5 14.c5 Re8 15.Ng5 h6
16.Bxh5 hxg5 17.Bg4 Bf6 18.Na4 Nf8 19.Bxc8 Raxc8 20.Nb2 Ne6 21.Nc4 Nd4 22.Qb2 Rcd8
23.Be3 Qe7 24.Nd6 Rf8 25.Re1 Nb5 26.Nxb5 cxb5 27.Qb3 Rfe8 28.Rad1 Rxd1 29.Rxd1 Qe6
30.Qxe6 Rxe6 31.Kh2 Re8 32.Rd6 Kg7 33.Kg3 Rd8 34.Kg4 Rxd6 35.cxd6 Bd8 36.Bxg5 f6
37.Be3 a5 38.g3 axb4 39.axb4 Kf7 40.f4 exf4 41.gxf4 Ke6 42.f5+ gxf5+ 43.exf5+ Kxd6
44.Kh5 Ke7 45.Kg6 Kf8 46.h4 Kg8 47.h5  1-0

[Event "Buenos Aires VII Najdorf op"]
[Site "Buenos Aires"]
[Date "1995.??.??"]
[Round "9"]
[White "Casafus, Ruben"]
[Black "Filgueira, Hernan"]
[Result "0-1"]
[WhiteElo "2390"]
[BlackElo "2300"]

1.d4 Nf6 2.Nf3 d6 3.c4 g6 4.Nc3 Bg7 5.e4 O-O 6.Be2 Nbd7 7.O-O e5 8.Qc2 c6
9.Rd1 Qe7 10.d5 c5 11.Bg5 a6 12.Qd2 Qe8 13.g3 Kh8 14.Nh4 Ng8 15.Bd3 f6 16.Be3 Ne7
17.Bh6 Qf7 18.Bxg7+ Qxg7 19.Qc2 Qf7 20.Rf1 f5 21.exf5 gxf5 22.f4 e4 23.Be2 Nf6
24.Nd1 b5 25.b3 Bd7 26.Ne3 Rfb8 27.Kh1 bxc4 28.Bxc4 a5 29.Rab1 Qg7 30.Rg1 Ng4
31.Nhg2 Nf6 32.Rgd1 Nc8 33.Nh4 Ne7 34.Nhg2 Nc8 35.a3 Ra7 36.Bf1 Ng8 37.Nc4 Nh6
38.Nge3 Qf6 39.Qd2 Rba8 40.a4 Be8 41.Na3 Rg7 42.Bb5 Bh5 43.Be2 Be8 44.Nec4 Qd8
45.Qc3 Kg8 46.Ne3 Nb6 47.Rg1 Bd7 48.Rbc1 Ra7 49.Bb5 Bxb5 50.Nxb5 Ra8 51.Rg2 Qd7
52.Na3 Rg6 53.h3 Qf7 54.Nac4 Nxc4 55.Nxc4 Rg7 56.Rh2 Qe7 57.Rg1 Qb7 58.Nxd6 Qxd5
59.Rd2 Qc6 60.Qc4+ Kh8 61.Qe6 Rg6 62.Qe5+ Kg8 63.Nxf5 Nxf5 64.Qxf5 Rb8 65.Kh2 e3
66.Rd7 Qe6 67.Qxe6+ Rxe6 68.Rd3 c4 69.bxc4 Rb2+ 70.Kh1 Rf2 71.Re1 Rf3 72.f5 Re4
73.c5 Rxf5 74.Rexe3 Rxa4 75.Rd8+ Kf7 76.Rd7+ Kf8 77.Re2 Ra3 78.Kh2  0-1

[Event "Buenos Aires op"]
[Site "Buenos Aires"]
[Date "1995.??.??"]
[Round "9"]
[White "Minzer, Claudio Javier"]
[Black "Rivero, Jose Luis"]
[Result "1-0"]
[WhiteElo "2385"]
[BlackElo "2165"]

1.Nf3 Nf6 2.c4 g6 3.Nc3 Bg7 4.e4 d6 5.d4 O-O 6.Be2 e5 7.d5 Na6 8.Bg5 h6 9.Bh4 Qe8
10.Nd2 Nh7 11.f3 h5 12.a3 Bh6 13.Bf2 Qe7 14.b4 h4 15.Qc2 f5 16.O-O-O c5 17.dxc6 bxc6
18.Kb2 Nc7 19.Nb3 a5 20.c5 d5 21.exd5 cxd5 22.Nxd5 Nxd5 23.Rxd5 axb4 24.axb4 Be6
25.Rd6 Bf7 26.Bc4 Qg5 27.g3 hxg3 28.hxg3 Bg7 29.Na5 e4+ 30.Kb3 exf3 31.Nc6 Rae8
32.Bxf7+ Rxf7 33.Qc4 Nf8 34.Qd5 Bf6 35.Qxf3 Re4 36.Re1 Rxe1 37.Bxe1 Qc1 38.Qe2 Qb1+
39.Kc4 Qc1+ 40.Kb5 Qa3 41.Na5 Re7 42.Qc4+ Kg7 43.Rxf6 Kxf6 44.Bc3+ Re5 45.Nc6  1-0

[Event "Bytom op"]
[Site "Bytom"]
[Date "1995.??.??"]
[Round "?"]
[White "Walkusz, Miroslaw"]
[Black "Radzikowska, Krystyna"]
[Result "1-0"]
[WhiteElo "2185"]
[BlackElo "2015"]

1.d4 Nf6 2.Nf3 g6 3.c4 Bg7 4.Nc3 d6 5.e4 O-O 6.Be2 e5 7.d5 a5 8.Bg5 h6 9.Bh4 Na6
10.Nd2 Nc5 11.O-O Bd7 12.b3 Qe8 13.a3 Nh7 14.Nb5 Na6 15.b4 g5 16.Bg3 axb4
17.axb4 Nxb4 18.Nxc7 Rxa1 19.Qxa1 Qb8 20.Qb2 Qxc7 21.Qxb4 Rb8 22.f3 Bf8 23.Bf2 Bc8
24.Bb6 Qd7 25.Qa5 Be7 26.Qa7  1-0

[Event "Caceres"]
[Site "Caceres"]
[Date "1995.??.??"]
[Round "?"]
[White "Lalic, Bogdan"]
[Black "Reyes, Juan"]
[Result "1-0"]
[WhiteElo "2590"]
[BlackElo "2430"]

1.d4 Nf6 2.Nf3 g6 3.c4 Bg7 4.Nc3 d6 5.e4 O-O 6.Be2 e5 7.Be3 Ng4 8.Bg5 f6
9.Bh4 Nc6 10.d5 Ne7 11.Nd2 Nh6 12.f3 c5 13.dxc6 bxc6 14.b4 Be6 15.Nb3 Kh8
16.Bf2 f5 17.O-O Nf7 18.a4 Ng5 19.Qc2 fxe4 20.fxe4 d5 21.Nc5 Bg8 22.Bh4 Nxe4
23.N3xe4 dxe4 24.Qxe4 Qc7 25.g4 a5 26.Rad1 Nd5 27.cxd5 cxd5 28.Qb1 Rfb8 29.Bb5 Qd6
30.h3 axb4 31.Ne4 Qc7 32.Nf6 d4 33.Nxg8 Rxg8 34.Qxb4 Rgf8 35.Be7 Rxf1+ 36.Rxf1 e4
37.Qd6 Rc8 38.Qxc7 Rxc7 39.Bf6 Bxf6 40.Rxf6 Rc2 41.Rf4 d3 42.Rxe4 d2 43.Be2 Rc1+
44.Kf2 d1=Q 45.Bxd1 Rxd1 46.g5 Ra1 47.h4 h6 48.Re8+ Kg7 49.Re7+ Kf8 50.Ra7 hxg5
51.hxg5 Ra3 52.a5 Ke8 53.a6 Kd8 54.Ra8+ Kc7 55.a7 Kb7 56.Rg8 Kxa7 57.Rxg6 Kb7
58.Rf6 Kc7 59.g6 Ra5 60.Kg3 Kd7 61.Kg4 Ke7 62.Rf2 Rb5 63.g7 Rb1 64.Kg5 Rg1+
65.Kh6 Rh1+ 66.Kg6 Rg1+ 67.Kh7 Rh1+ 68.Kg8 Rh3 69.Re2+  1-0

[Event "Caceres schev"]
[Site "Caceres"]
[Date "1995.??.??"]
[Round "?"]
[White "Gallardo Garcia, Andres"]
[Black "Martinez, Daniel"]
[Result "1-0"]
[WhiteElo "2260"]
[BlackElo "2260"]

1.d4 Nf6 2.c4 g6 3.Nc3 Bg7 4.e4 d6 5.Nf3 O-O 6.Be2 e5 7.d5 a5 8.Be3 Na6 9.Nd2 h6
10.O-O Nxe4 11.Ndxe4 f5 12.Bd3 fxe4 13.Nxe4 Bf5 14.a3 g5 15.Qc2 Qd7 16.b3 c6
17.Rac1 cxd5 18.cxd5 Rac8 19.Qd2 Bxe4 20.Bxe4 Qb5 21.Rxc8 Rxc8 22.Qd1 Rc3
23.Qg4 Qe8 24.h4 Nc5 25.Bxc5 Rxc5 26.hxg5 hxg5 27.Qxg5 Qf8 28.Bf5 Qf6 29.Be6+ Kf8
30.Qg4 Qf4 31.Qg6 Qf6 32.Qd3 Bh6 33.b4 axb4 34.axb4 Rc1 35.Rxc1 Bxc1 36.Qc2 Bf4
37.g3 Bh6 38.Qc8+ Ke7 39.Qd7+ Kf8 40.Qxd6+ Qe7 41.Qxe5  1-0

[Event "Caceres"]
[Site "Caceres"]
[Date "1995.??.??"]
[Round "?"]
[White "Lalic, Bogdan"]
[Black "Bernal Moro, Luis Javier"]
[Result "1/2-1/2"]
[WhiteElo "2590"]
[BlackElo "2400"]

1.d4 Nf6 2.c4 d6 3.Nc3 Nbd7 4.e4 e5 5.Nf3 g6 6.Be2 Bg7 7.O-O O-O 8.Qc2 c6
9.Rd1 exd4 10.Nxd4 Qe7 11.f3 Re8 12.Bf1 Nc5 13.Qf2 a5 14.Bf4 Nfd7 15.Ndb5 cxb5
16.Bxd6 Qg5 17.Rd5 Re5 18.Rxe5 Nxe5 19.Qxc5 Nxf3+ 20.Kh1 Qxc5 21.Bxc5 Ng5
22.cxb5 Bxc3 23.bxc3 Nxe4 24.Bd4 Be6 25.Bd3 Nd6 26.Kg1 a4 27.Be5 Nc4 28.Bc7 b6
29.Bxc4 Bxc4 30.Bxb6 Rb8  1/2-1/2

[Event "Caceres schev"]
[Site "Caceres"]
[Date "1995.??.??"]
[Round "?"]
[White "Cabezas Ayala, Ivan"]
[Black "Martinez, Daniel"]
[Result "1/2-1/2"]
[WhiteElo "2275"]
[BlackElo "2260"]

1.d4 Nf6 2.Nf3 g6 3.c4 Bg7 4.Nc3 O-O 5.e4 d6 6.Be2 e5 7.dxe5 dxe5 8.Qxd8 Rxd8
9.Bg5 Na6 10.Nd5 Nxd5 11.cxd5 f6 12.Be3 b6 13.Rc1 Bb7 14.O-O Rac8 15.Rc3 Nb8
16.Rfc1 c6 17.dxc6 Rxc6 18.Rxc6 Nxc6 19.Kf1 Nd4 20.Rd1 Bxe4 21.Nxd4 exd4
22.Rxd4 Rxd4 23.Bxd4 Bd5 24.a3  1/2-1/2

[Event "CAN-ch"]
[Site "CAN"]
[Date "1995.??.??"]
[Round "1"]
[White "Nickoloff, Bryon"]
[Black "Kiviaho, Bob"]
[Result "1-0"]
[WhiteElo "2405"]
[BlackElo "2230"]

1.d4 Nf6 2.c4 g6 3.Nc3 Bg7 4.e4 d6 5.Be2 O-O 6.Nf3 e5 7.Be3 exd4 8.Nxd4 Re8
9.f3 c6 10.Bf2 d5 11.exd5 cxd5 12.c5 Nh5 13.Qd2 Be5 14.g3 Bh3 15.O-O-O Nc6
16.f4 Bg7 17.Bxh5 gxh5 18.Rde1 Qa5 19.Rxe8+ Rxe8 20.Re1 Rxe1+ 21.Qxe1 Qxc5
22.Ne6 Qc4 23.Nxg7 Kxg7 24.b3 Qd3 25.Qd2 Qf1+ 26.Kb2 Be6 27.f5 Bxf5 28.Nxd5 f6
29.Nf4 h4 30.gxh4 Qb1+ 31.Ka3 Qe4 32.Nd5 b5 33.Bc5 a5 34.Ne3 Be6 35.Qd6 Ne5
36.h5 b4+ 37.Ka4 Bd7+ 38.Kxa5 Qa8+ 39.Kxb4 Qb7+ 40.Kc3 Qc8 41.Qe7+ Nf7 42.Nd5 Qd8
43.Qxd8 Nxd8 44.Bd4 Nc6 45.Nxf6 Be6 46.Ne4+ Kh6 47.Ng3 Kg5 48.Be3+ Kg4 49.Ne2 Bf7
50.Nf4 Kf3 51.Bd2 Ke4 52.a4 Na5 53.b4 Nb3 54.Ne2 Ke5 55.Bf4+ Ke4 56.Bc7 Ke3
57.Ng3 Nc1 58.b5 Na2+ 59.Kb2 Nb4 60.Bd6 Nd3+ 61.Kc3 Be8 62.h6 Nc1 63.Bc5+ Kf4
64.Ba3 Na2+ 65.Kb2 Bf7 66.b6 Bd5 67.a5  1-0

[Event "Canaries olJ U16"]
[Site "?"]
[Date "1995.??.??"]
[Round "?"]
[White "Sheldon, Ruth"]
[Black "Solak, Dragan"]
[Result "0-1"]
[WhiteElo "2155"]
[BlackElo "2200"]

1.d4 Nf6 2.c4 g6 3.Nc3 Bg7 4.e4 d6 5.Be2 O-O 6.Nf3 e5 7.d5 c5 8.Be3 h6 9.Nd2 Ne8
10.g4 a6 11.Nf1 Bd7 12.Qd2 Kh7 13.h4 Qa5 14.Ng3 b5 15.Kf1 bxc4 16.Kg2 Ra7
17.h5 g5 18.f3 Bf6 19.Bxc4 Rb7 20.a3 Qd8 21.Rab1 Nc7 22.b4 cxb4 23.Rxb4 Rxb4
24.axb4 Qc8 25.Bd3 Qb7 26.Rb1 Rc8 27.Qa2 Bd8 28.Qf2 Na8 29.Qb2 Bb6 30.Bxb6 Qxb6
31.b5 Qd4 32.Be2 a5 33.Nd1 Nb6 34.Qxd4 exd4 35.Rb2 a4 36.Nf2 Rc3 37.Ra2 a3
38.Nf5 Bxf5 39.gxf5 N8d7 40.Nd1 Rb3 41.Ra1 Nf6 42.Kf1 Nxh5 43.Ke1 Nf4 44.Nf2 Re3  0-1

[Event "Cannes op"]
[Site "Cannes"]
[Date "1995.??.??"]
[Round "2"]
[White "Jelen, Igor"]
[Black "Nalbandian, Tigran"]
[Result "0-1"]
[WhiteElo "2360"]
[BlackElo "2430"]

1.d4 Nf6 2.c4 d6 3.Nf3 g6 4.Nc3 Bg7 5.e4 O-O 6.Be2 e5 7.O-O Nbd7 8.Re1 exd4
9.Nxd4 Re8 10.Bf1 Nc5 11.f3 c6 12.Bf4 Qb6 13.Kh1 Ncxe4 14.Nxe4 Nxe4 15.Be3 Nc5
16.b4 Rxe3 17.Rxe3 Ne6 18.Nxe6 Bxe6 19.Rxe6 fxe6 20.Rb1 Qd4 21.Qe2 Qe5 22.Qf2 Qh5
23.Re1 Rf8 24.f4 Qf5 25.Qe2 Bc3 26.Qxe6+ Qxe6 27.Rxe6 Rxf4 28.Be2 Kf7 29.Re3 Bxb4
30.Rb3 a5 31.a3 Rf2 32.Bd3 Rd2 33.Bf1 Bc5 34.Rxb7+ Kf6 35.g3 Bxa3 36.h4 h5
37.Bg2 Bc5 38.Bxc6 Rd1+ 39.Kg2 Rd2+ 40.Kf3 Rf2+ 41.Ke4 Rd2 42.Bd5 g5 43.hxg5+ Kxg5
44.Rg7+ Kf6 45.Rf7+ Kg6 46.Rf1 a4 47.Bf7+ Kh6 48.Rh1 a3 49.Bxh5 Kg5 50.Bf7 a2
51.Ra1 Kg4  0-1

[Event "Cannes op"]
[Site "Cannes"]
[Date "1995.??.??"]
[Round "4"]
[White "Touzane, Olivier"]
[Black "Weindl, Alfred"]
[Result "1-0"]
[WhiteElo "2310"]
[BlackElo "2385"]

1.d4 Nf6 2.c4 g6 3.Nc3 Bg7 4.e4 d6 5.Nf3 O-O 6.Be2 e5 7.O-O Nbd7 8.Re1 c6
9.d5 c5 10.a3 Kh8 11.b4 Ng8 12.Nb5 Qe7 13.Bg5 f6 14.Be3 b6 15.Nc7 Rb8 16.Ne6 Rf7
17.Nxg7 Rxg7 18.Nd2 Nf8 19.bxc5 bxc5 20.Nb3 Bd7 21.Na5 Rb6 22.Rb1 Qe8 23.Bd3 Ne7
24.Qd2 g5 25.Nb7 Nc8 26.Nxd6 Nxd6 27.Bxc5 Nc8 28.Be3 Ra6 29.Qc3 f5 30.exf5 Rf6
31.Bc5 Bxf5 32.Rxe5 Qd7 33.Bxf5 Rxf5 34.Rxf5 Qxf5 35.Rb7 Nd7 36.Bd4 Ncb6
37.Bxg7+ Kg8 38.h3 g4 39.Bh8 Qg6 40.hxg4 Qxg4 41.Bd4  1-0

[Event "Cannes op"]
[Site "Cannes"]
[Date "1995.??.??"]
[Round "6"]
[White "Skalik, Przemyslaw"]
[Black "Mazi, Leon"]
[Result "1-0"]
[WhiteElo "2330"]
[BlackElo "2360"]

1.d4 Nf6 2.c4 g6 3.Nc3 Bg7 4.e4 d6 5.Nf3 O-O 6.Be2 Nbd7 7.O-O e5 8.Be3 h6
9.h3 Qe7 10.dxe5 dxe5 11.Qc2 c6 12.Rfd1 Nh5 13.c5 Re8 14.b4 Nf4 15.Bf1 Qf6
16.Nd2 Nf8 17.Nc4 N8e6 18.Nd6 Rd8 19.Ne2 Nxe2+ 20.Qxe2 Bf8 21.Qb2 Rb8 22.Rd2 Nf4
23.Rad1 Be6 24.Kh2 h5 25.Nc4 Rxd2 26.Rxd2 Bg7 27.g3 g5 28.Rd6 Ng6 29.Qd2 Nf4
30.Qd1 Bf8 31.gxf4 exf4 32.Bd4 Qh6 33.Bc3 g4 34.Be5 Re8 35.Rd8 Rxd8 36.Qxd8 g3+
37.fxg3 fxg3+ 38.Bxg3 Qc1 39.Qd3 f5 40.exf5 Bd5 41.f6 h4 42.Qg6+ Kh8 43.Be5  1-0

[Event "Cannes Martinez op"]
[Site "Cannes"]
[Date "1995.??.??"]
[Round "6"]
[White "Cebalo, Miso"]
[Black "Lane, Gary W"]
[Result "1-0"]
[WhiteElo "2515"]
[BlackElo "2400"]

1.d4 Nf6 2.Nf3 g6 3.c4 Bg7 4.Nc3 O-O 5.e4 d6 6.Be2 e5 7.O-O exd4 8.Nxd4 Re8
9.f3 Nc6 10.Be3 Nh5 11.Nd5 f5 12.Nb5 fxe4 13.f4 Rf8 14.Ndxc7 Rb8 15.Qxd6 Qxd6
16.Nxd6 Bxb2 17.Rad1 Nf6 18.h3 h5 19.c5 Bc3 20.Ncb5 Ba5 21.Nxc8 Rbxc8 22.f5 Kg7
23.Nd6 Rc7 24.fxg6 Kxg6 25.Rf5 Rg8 26.Rdf1 Bc3 27.Bxh5+ Nxh5 28.Rg5+ Kh7
29.Rxh5+ Kg6 30.Rh6+ Kg7 31.Nf5+ Kf8 32.Re6  1-0

[Event "Cannes op"]
[Site "Cannes"]
[Date "1995.??.??"]
[Round "7"]
[White "Sadler, Matthew"]
[Black "Apicella, Manuel"]
[Result "1-0"]
[WhiteElo "2575"]
[BlackElo "2505"]

1.d4 Nf6 2.c4 g6 3.Nc3 Bg7 4.e4 d6 5.Be2 O-O 6.Nf3 e5 7.Be3 Na6 8.O-O Ng4
9.Bg5 Qe8 10.dxe5 dxe5 11.h3 h6 12.Bd2 Nf6 13.Be3 c6 14.a3 Nh5 15.Re1 Qe7
16.b4 Nf4 17.Bxf4 exf4 18.e5 Bf5 19.Qc1 g5 20.c5 Nc7 21.Bc4 Rfd8 22.Ne4 Bxe4
23.Rxe4 Ne6 24.Qc3 Rd7 25.Rae1 Rad8 26.Qc1 a5 27.Ba2 axb4 28.axb4 Kf8 29.Bc4 Ra8
30.Qc3 Rad8 31.Qc2 Kg8 32.R4e2 Ra8 33.Rd2 Rxd2 34.Qxd2 Rd8 35.Qc2 Kf8 36.Qe4 Qd7
37.Qh7 Re8 38.Bb3 Rd8 39.Rd1 Qxd1+ 40.Bxd1 Rxd1+ 41.Kh2 Nd4 42.h4 Nxf3+ 43.gxf3 Re1
44.Qd3 Ke8 45.Qf5 Bxe5 46.Qc8+ Ke7 47.Qxb7+ Kf6 48.Qxc6+ Kg7 49.hxg5 hxg5
50.Qd7 Rc1 51.c6  1-0

[Event "Cannes Martinez op"]
[Site "Cannes"]
[Date "1995.??.??"]
[Round "9"]
[White "Cebalo, Miso"]
[Black "Lupu, Mircea Sergiu"]
[Result "1-0"]
[WhiteElo "2515"]
[BlackElo "2490"]

1.d4 Nf6 2.Nf3 g6 3.c4 Bg7 4.Nc3 O-O 5.e4 d6 6.Be2 e5 7.O-O Na6 8.Be3 Ng4
9.Bg5 Qe8 10.dxe5 Nxe5 11.Nd4 c6 12.Qd2 Nc5 13.Bh6 Bxh6 14.Qxh6 f6 15.Qd2 Qe7
16.Rad1 Nf7 17.Rfe1 Ne6 18.f4 Nxd4 19.Qxd4 b6 20.Bf3 Bb7 21.a4 Rfe8 22.a5 bxa5
23.Ra1 c5 24.Qd2 Nd8 25.Red1 Ne6 26.Qxd6 Qf7 27.f5 Nd4 28.fxg6 hxg6 29.Rxa5 Re6
30.Qg3 Re5 31.Nd5 Bxd5 32.cxd5 Rae8 33.Rxc5 R5e7  1-0

[Event "Cappelle op"]
[Site "Cappelle la Grande"]
[Date "1995.??.??"]
[Round "1"]
[White "Belov, Igor"]
[Black "Naylor, John"]
[Result "1-0"]
[WhiteElo "2430"]
[BlackElo "2235"]

1.Nf3 Nf6 2.c4 g6 3.Nc3 Bg7 4.e4 d6 5.d4 O-O 6.Be2 e5 7.d5 a5 8.h3 Nh5 9.Ng1 Nf4
10.Bf3 f5 11.g3 Nh5 12.exf5 e4 13.Bg2 Rxf5 14.Nge2 Re5 15.Nxe4 a4 16.N4c3 a3
17.O-O Na6 18.Nd4 Re8 19.Ndb5 Nc5 20.b4 Na4 21.Bd2 Nb2 22.Qb3 Nd3 23.Nxa3 Bd4
24.Nc2 Bb6 25.Ne4 Rxe4 26.Qxd3 Re8 27.g4 Qh4 28.gxh5 Bf5 29.Qc3 Re2 30.h6 Bxf2+
31.Kh1 Re5 32.Be1 Bxe1 33.Raxe1 Rae8 34.Rxe5 Rxe5 35.Nd4 Qxh6 36.Nxf5 gxf5
37.Qg3+ Kf7 38.Qf4 Qh5 39.a4 Kf6 40.a5 Qg6 41.b5 Re2 42.Qf3 Ra2 43.Rf2 Ra4
44.Bf1 Qe8 45.Qxf5+  1-0

[Event "Cappelle op"]
[Site "Cappelle la Grande"]
[Date "1995.??.??"]
[Round "1"]
[White "Dumitrache, Dragos"]
[Black "Etchegaray, Patrice"]
[Result "1-0"]
[WhiteElo "2530"]
[BlackElo "2335"]

1.d4 Nf6 2.c4 d6 3.Nf3 g6 4.Nc3 Bg7 5.e4 O-O 6.Be2 Nbd7 7.O-O e5 8.Re1 c6
9.Bf1 a5 10.Rb1 Re8 11.d5 Nc5 12.b3 Bd7 13.a3 cxd5 14.cxd5 b5 15.b4 axb4
16.axb4 Na4 17.Nxa4 Rxa4 18.Bd3 Qa8 19.Bd2 Ra2 20.Ra1 Rc8 21.Qb1 Ra4 22.Rxa4 Qxa4
23.Rc1 Rxc1+ 24.Qxc1 Ne8 25.Qb1 Qa7 26.h3 Qa3 27.Ne1 Bf6 28.Qc1 Qa7 29.Be3 Qa4
30.Nc2 Bd8 31.Qa3 Nc7 32.Qxa4 bxa4 33.Na3 Na8 34.Kf1 Kf8 35.Ke2 Ke7 36.Bb5 Bb6
37.Bc6 Bxe3 38.Kxe3 Nb6 39.Kd3 Bc8 40.Kc3 Kd8 41.f3 f5 42.Bb5 g5 43.Be2 f4
44.b5 Kc7 45.Kb4 Kb7 46.Nb1 Bd7 47.Nc3 h5 48.Bd1 Ka7 49.Nb1 Kb7 50.Na3 Ka7
51.Bxa4 g4 52.hxg4 hxg4 53.Bd1 g3 54.Be2 Kb7 55.Bf1 Be8 56.Ka5 Bd7 57.Nc2 Nc8
58.Nb4 Nb6 59.Nc6 Bh3 60.Nd8+ Kc7 61.Ne6+ Kb7 62.Kb4 Bxe6 63.dxe6 Nc8 64.Ka5 Ne7
65.Bc4 Ka7 66.Bd5 Nc8 67.b6+ Kb8 68.b7 Ne7 69.Kb6  1-0

[Event "Cappelle op"]
[Site "Cappelle la Grande"]
[Date "1995.??.??"]
[Round "2"]
[White "Ivanov, Mikhail M"]
[Black "Hebden, Mark"]
[Result "0-1"]
[WhiteElo "2450"]
[BlackElo "2550"]

1.Nf3 Nf6 2.c4 g6 3.Nc3 Bg7 4.e4 d6 5.d4 O-O 6.Be2 e5 7.d5 Na6 8.Nd2 h5 9.a3 c5
10.Rb1 h4 11.b4 Bh6 12.Nf3 Bxc1 13.Qxc1 Bg4 14.Qg5 Bxf3 15.Bxf3 Qe7 16.Qxh4 Nxd5
17.Qxe7 Nxe7 18.O-O b6 19.Rfd1 Rfd8 20.Bg4 Nc7 21.bxc5 dxc5 22.Bd7 Kf8 23.Nb5 Nxb5
24.Bxb5 Rd4 25.Rxd4 cxd4 26.Kf1 Ng8 27.Ke2 Nf6 28.f3 Ke7 29.Kd3 Rh8 30.h3 Nh5
31.Kd2 Nf4 32.Rg1 Kd6 33.Ba4 Rb8 34.Bb5 Ne6 35.Ba4 Rc8 36.Bb3 Nc5 37.Ba2 f5
38.exf5 gxf5 39.g4 e4 40.gxf5 e3+ 41.Ke2 Rh8 42.Rd1 Rh4 43.Bb1 Ke5 44.Rh1 Nd7
45.Rf1 Nf6 46.f4+ Rxf4 47.Rxf4 Kxf4 48.Bc2 Nh5 49.Ke1 Ke5  0-1

[Event "Cappelle op"]
[Site "Cappelle la Grande"]
[Date "1995.??.??"]
[Round "3"]
[White "Naumkin, Igor"]
[Black "Werner, Bernd Michael"]
[Result "0-1"]
[WhiteElo "2500"]
[BlackElo "2165"]

1.d4 Nf6 2.c4 g6 3.Nc3 Bg7 4.e4 d6 5.Nf3 O-O 6.Be2 e5 7.d5 a5 8.Bg5 Na6 9.O-O Qe8
10.Nd2 Nd7 11.a3 f6 12.Bh4 Bh6 13.b4 Rf7 14.Rb1 Nf8 15.c5 axb4 16.axb4 dxc5
17.Bxa6 Rxa6 18.bxc5 Nd7 19.Nb3 Bf8 20.d6 cxd6 21.Nd5 Qd8 22.cxd6 Rxd6 23.Qe2 g5
24.Bg3 f5 25.f3 f4 26.Bf2 Nf6 27.Nc3 g4 28.Bh4 gxf3 29.gxf3 Bh3 30.Rf2 Qe8
31.Kh1 Rg7 32.Nc5 Nd7 33.Qc4+ Kh8 34.Nxd7 Qxd7 35.Nd5 Qf7 36.Qc3 Rh6 37.Bd8 Qg6
38.Qb2 Qe6 39.Bc7 Rh5 40.Ra1 Rhg5 41.Bd8 R5g6 42.Bc7 Rg5 43.Bd8 R5g6 44.Bc7 Bg2+
45.Rxg2 Rxg2 46.Qxg2 Rxg2 47.Kxg2 Qg6+ 48.Kh1 Qh5 49.Kg2 Qg5+ 50.Kh3 Bc5
51.Ra8+ Kg7 52.Bd8 Qh5+ 53.Kg2 Qg6+ 54.Kh3 Bg1 55.Bh4 Kf7 56.Ra3 Bd4 57.Rb3 Qe6+
58.Kg2 Qa6  0-1

[Event "Cappelle op"]
[Site "Cappelle la Grande"]
[Date "1995.??.??"]
[Round "4"]
[White "Giorgadze, Giorgi"]
[Black "Nalbandian, Tigran"]
[Result "1-0"]
[WhiteElo "2590"]
[BlackElo "2430"]

1.Nf3 Nf6 2.c4 g6 3.Nc3 Bg7 4.e4 d6 5.d4 O-O 6.Be2 e5 7.Be3 exd4 8.Nxd4 Re8
9.f3 c6 10.Bf2 d5 11.exd5 cxd5 12.O-O Nc6 13.c5 Nh5 14.Qd2 Be6 15.Nxe6 fxe6
16.f4 Nf6 17.Bf3 Kh8 18.Nb5 Re7 19.Rad1 Qd7 20.Nd6 Ne8 21.Nxe8 Rexe8 22.b4 Ne7
23.Rfe1 Nf5 24.Qd3 a6 25.Qb3 Bf6 26.a4 Qg7 27.Qd3 h5 28.b5 axb5 29.axb5 Qc7
30.g3 Qg7 31.Re2 Re7 32.Rc2 Ra4 33.Qb3 Ra5 34.Qb4 Ra8 35.b6 Kh7 36.Be2 Ra1
37.c6 Nd4 38.Bxd4 Rxd1+ 39.Bxd1 Bxd4+ 40.Kg2 bxc6 41.Rxc6 e5 42.f5 gxf5 43.Bxh5 e4
44.Bg6+ Kh6 45.Bf7+  1-0

[Event "Cappelle op"]
[Site "Cappelle la Grande"]
[Date "1995.??.??"]
[Round "4"]
[White "Sherbakov, Ruslan"]
[Black "Benoit, Michel"]
[Result "1-0"]
[WhiteElo "2520"]
[BlackElo "2250"]

1.d4 Nf6 2.c4 d6 3.Nf3 g6 4.Nc3 Bg7 5.e4 O-O 6.Be2 e5 7.O-O Nbd7 8.Be3 Qe7
9.Qc2 c6 10.Rad1 Re8 11.d5 c5 12.Ne1 h5 13.Rb1 Ng4 14.Bd2 Nf8 15.h3 Nh6 16.Qc1 Kh7
17.b4 b6 18.bxc5 bxc5 19.Bd1 Ba6 20.Nb5 Ng8 21.Qa3 Bxb5 22.Rxb5 Reb8 23.Rb3 Bh6
24.Bc3 Nf6 25.Bc2 h4 26.Qb2 Rxb3 27.axb3 Nh5 28.Nd3 Nd7 29.Bd1 Nf4 30.Nxf4 Bxf4
31.Qe2 Qg5 32.Qd3 Kg7 33.Kh1 Rh8 34.Bc2 Bc1 35.Qe2 Nf6 36.b4 cxb4 37.Bxb4 Rd8
38.Kg1 Bb2 39.c5 dxc5 40.Bxc5 Rd7 41.Ba4 Rb7 42.Qa6 Rc7 43.Be3 Qh5 44.d6  1-0

[Event "Cappelle op"]
[Site "Cappelle la Grande"]
[Date "1995.??.??"]
[Round "6"]
[White "Pushkov, Nikolai"]
[Black "Etchegaray, Patrice"]
[Result "1/2-1/2"]
[WhiteElo "2505"]
[BlackElo "2335"]

1.Nf3 Nf6 2.c4 g6 3.Nc3 Bg7 4.e4 d6 5.d4 O-O 6.Be2 Nbd7 7.O-O e5 8.Qc2 c6
9.Rd1 Qe7 10.Rb1 Nh5 11.b4 Nf4 12.Bxf4 exf4 13.c5 dxc5 14.bxc5 g5 15.h3 h6
16.e5 f5 17.exf6 Bxf6 18.Ne4 b6 19.Bc4+ Kh8 20.Nd6 bxc5 21.Qg6 Qg7 22.Qh5 Nb6
23.Nf7+ Rxf7 24.Qxf7 Nxc4 25.Qxc4 g4 26.hxg4 Bxg4 27.Qd3 cxd4 28.Rdc1 Rg8
29.Ne1 Qd7 30.Rb3 Qd5 31.Qa6 Re8 32.Qxa7 Be5 33.Rc5 Qe4 34.Nf3 Bd6 35.Rc1 Bxf3
36.Rxf3 d3 37.Qa5 Bb4 38.Qh5 Re6 39.Rf1 d2 40.Rb3 c5 41.a3 Qc4 42.Rbb1 Re1
43.Qxh6+ Kg8 44.Qg6+ Kh8  1/2-1/2

[Event "Cappelle op"]
[Site "Cappelle la Grande"]
[Date "1995.??.??"]
[Round "6"]
[White "Sakaev, Konstantin"]
[Black "Belov, Igor"]
[Result "1/2-1/2"]
[WhiteElo "2535"]
[BlackElo "2430"]

1.d4 g6 2.Nf3 Nf6 3.c4 Bg7 4.Nc3 O-O 5.e4 d6 6.Be2 e5 7.Be3 exd4 8.Nxd4 Nc6
9.O-O Re8 10.f3 Nh5 11.Qd2 Nf4 12.Nxc6 Nxe2+ 13.Nxe2 bxc6 14.Bd4 Bxd4+ 15.Nxd4 c5
16.Nc2 Bb7 17.Ne3 h5 18.Rad1 a5 19.h3 Bc6 20.g4 hxg4 21.hxg4 Qf6 22.Rf2 a4
23.Rdf1 Rab8 24.Rg2 Rb4 25.g5 Qd4 26.Rff2  1/2-1/2

[Event "Cappelle op"]
[Site "Cappelle la Grande"]
[Date "1995.??.??"]
[Round "7"]
[White "Piskov, Yury"]
[Black "Degraeve, Jean Marc"]
[Result "1-0"]
[WhiteElo "2540"]
[BlackElo "2425"]

1.d4 Nf6 2.Nf3 g6 3.c4 Bg7 4.Nc3 O-O 5.e4 d6 6.Be2 e5 7.d5 Na6 8.Bg5 h6 9.Bh4 g5
10.Bg3 Nh5 11.h4 g4 12.Nd2 Nxg3 13.fxg3 h5 14.O-O f5 15.exf5 Nc5 16.Nde4 Nxe4
17.Nxe4 Bxf5 18.Qc2 Qe8 19.Rxf5 Rxf5 20.Nxd6 cxd6 21.Qxf5 Qf7 22.Qe4 Rf8
23.Rf1 Qe8 24.c5 dxc5 25.d6 Rxf1+ 26.Bxf1 Bf6 27.Bc4+ Kg7 28.Qxb7+ Kf8  1-0

[Event "Cappelle op"]
[Site "Cappelle la Grande"]
[Date "1995.??.??"]
[Round "7"]
[White "Dumitrache, Dragos"]
[Black "Grivas, Efstratios"]
[Result "1/2-1/2"]
[WhiteElo "2530"]
[BlackElo "2460"]

1.Nf3 Nf6 2.d4 g6 3.c4 Bg7 4.Nc3 O-O 5.e4 d6 6.Be2 e5 7.d5 a5 8.Bg5 h6 9.Bh4 Na6
10.O-O Bd7 11.a3 g5 12.Bg3 Nc5 13.Nd2 a4 14.Qc2 b6 15.Rfb1 h5 16.f3 Bh6 17.b4 axb3
18.Nxb3 Na4 19.Nd2 Kh8 20.Nf1 Rg8 21.Nxa4 Rxa4 22.Qc3 g4 23.Bd1 Ra5 24.Kh1 Nh7
25.Ra2 h4 26.Be1 Ra8 27.fxg4 Bxg4 28.Ne3 Bd7 29.Nf5 Bxf5  1/2-1/2